Roméo et Juliette - Statistiques

Statistiques générales
  • Ce quiz a été pris 262 fois
  • Le résultat moyen est 8 sur 18
Statistiques - réponses
Hint Réponse % Correct
Juliette
99%
Romeo
98%
Mercutio
74%
Tybalt
72%
Benvolio
65%
Lady Capulet
54%
Lady Montaigu
53%
Pâris
51%
Nourrice
47%
Autres personnages Frère Laurent
36%
Maison Capulet Capulet
35%
Maison Montaigu Montaigu
34%
Rosaline
18%
Maison princière de Verone Escalus
17%
Balthazar
14%
Abraham
12%
Frère Jean
9%
L'apothicaire
1%
Aucun quiz correspondant
Distribution des résultats
% des personnes avec chaque résultat
Percentile par nombre de réponses
Votre historique - résultats
Vous n’avez pas pris ce quiz